Library Banner

Stripline-like transmission lines for microwave integrated circuits (Record no. 27152)

MARC details
000 -LEADER
fixed length control field 00514nam a2200181Ia 4500
001 - CONTROL NUMBER
control field 27004
008 - FIXED-LENGTH DATA ELEMENTS--GENERAL INFORMATION
fixed length control field 140414s9999 xx 000 0 und d
020 ## - INTERNATIONAL STANDARD BOOK NUMBER
International Standard Book Number 81-224-0052-3
040 ## - CATALOGING SOURCE
Transcribing agency PK-LaUMT
082 ## - DEWEY DECIMAL CLASSIFICATION NUMBER
Classification number 621.3815
Item number BHA-S
100 ## - MAIN ENTRY--PERSONAL NAME
Personal name Bharathi Bhat
245 ## - TITLE STATEMENT
Title Stripline-like transmission lines for microwave integrated circuits
Statement of responsibility, etc Bharathi Bhat<>Shiban K. Koul
260 ## - PUBLICATION, DISTRIBUTION, ETC. (IMPRINT)
Place of publication, distribution, etc New Delhi,India:
Name of publisher, distributor, etc Wiley Eastern Limited,
Date of publication, distribution, etc 1989
300 ## - PHYSICAL DESCRIPTION
Extent 693 p.
546 ## - LANGUAGE NOTE
Language note EN
700 ## - ADDED ENTRY--PERSONAL NAME
Personal name Shiban K. Koul
942 ## - ADDED ENTRY ELEMENTS (KOHA)
Koha item type Books
Holdings
Withdrawn status Lost status Damaged status Not for loan Home library Current library Date acquired Total Checkouts Full call number Barcode Date last seen Price effective from Koha item type
        UMT Main Campus UMT Main Campus 2014-04-14   621.3815 BHA-S 30456 2014-04-25 2014-04-25 Books